000 00486nam a2200169 i 4500
001 81027
003 ES-MaACL
005 20230906174342.0
007 t|
008 041102s1967 sp ||||1| spa d
100 1 _aHoffmann, Kurt.
_963952
245 1 0 _aConstrucciones con madera /
_cKurt Hoffmann y Helga Griese.
260 _aBarcelona :
_bBlume,
_c[1967]
300 _a180 p., 72 lám. :
_bil. ;
_c30 cm.
700 1 _aGriese, Helga.
_959989
852 _aES-MaACL
_jC-32935
_bR.63110
999 _c81027
_d81027